Jozef Melicher personálna bibliografia

Bibliographic Details
Main Author: Mikitová, Marta, 1944- (Author, Compiler)
Format: Book
Language:Slovak
PhysicalDescription:94 s., [12] s. fot. príl. 24x16,5 cm
Published: Levice Tekovská knižnica 1999
ISBN:8096783122
Subjects:

MARC

LEADER 00000cam a2200000 a 4500
001 vtls001361958
003 SK-MaSNL
005 20260301201104.0
008 240226s1999 xo rb 001 0bslo
015 |a SNBSAB1999-00011 
020 |a 8096783122 
035 |a SNK000315545 
035 |a urn:nbn:sk:snk-amkjdi 
035 |a urn:nbn:sk:snk-am003b5p 
035 |a C4F94D48-05D3-4117-9915-D1CF791C65BE 
040 |a SNK  |b slo  |c SNK  |e AACR2 
041 0 |a slo 
044 |a xo  |c SK 
100 1 |a Mikitová, Marta,  |d 1944-  |4 aut  |4 com  |9 161745 
245 1 0 |a Jozef Melicher  |b personálna bibliografia  |c zostavila: Marta Mikitová 
260 |a Levice  |b Tekovská knižnica  |c 1999 
300 |a 94 s., [12] s. fot. príl.  |c 24x16,5 cm 
504 |a Reg. citovaných dokumentov, men., názvov povestí a názvov ostatných prác. Lit. 798 zázn. o čl. a kn. v slov. 
600 1 7 |a Melicher, Jozef,  |d 1929-2008  |2 SNKMA  |9 105016 
650 0 7 |a slovenskí spisovatelia  |2 SNKPH  |9 1258 
650 0 7 |a literárni historici  |2 SNKPH  |9 90449 
655 7 |a personálne bibliografie  |2 SNKPH  |9 70198 
919 |a 80-967831-2-2 
958 |a OND 
958 |a BX 
958 |a LX 
958 |a SF 
958 |a NB 
999 |c 893333  |d 895263 
952 |t P60, <03>, [BOOK], {603}  |a SNK  |b SNK  |y PREZ  |7 0  |p 17A0192031  |o snkSC 98584  |i snkKSP 5115/99  |0 0  |1 0  |4 0  |d 1999-04-30  |f 1  |l 0  |r 2025-09-18 00:00:00  |w 2026-02-24 
952 |t P60, <04>, [BOOK], {604}  |a SNK  |b SNK  |y VYP  |7 0  |p 17A0192032  |o snkSC 98584 D1  |i snkKSP 5116/99  |0 0  |1 0  |4 0  |d 1999-04-30  |l 0  |r 2005-01-02 00:00:00  |w 2026-02-24